Thori se bewafaye (Record no. 327130)

000 -LEADER
fixed length control field 00312 a2200133 4500
001 - CONTROL NUMBER
control field 92057
082 ## - DEWEY DECIMAL CLASSIFICATION NUMBER
Classification number 891.4393 BEE
090 ## - LOCALLY ASSIGNED LC-TYPE CALL NUMBER (OCLC); LOCAL CALL NUMBER (RLIN)
-- 44017
-- 44016
100 ## - MAIN ENTRY--PERSONAL NAME
Personal name Beena Aalia Tawana
245 ## - TITLE STATEMENT
Title Thori se bewafaye
260 ## - PUBLICATION, DISTRIBUTION, ETC.
Place of publication, distribution, etc. Lahore
Name of publisher, distributor, etc. Abdullah Academy
Date of publication, distribution, etc. 2013
300 ## - PHYSICAL DESCRIPTION
Extent 408p.
Other physical details Hb
500 ## - GENERAL NOTE
General note General Book
942 ## - ADDED ENTRY ELEMENTS (KOHA)
Institution code [OBSOLETE] CAE NUST
Call number prefix 891.4393 BEE
Holdings
Withdrawn status Lost status Damaged status Not for loan Collection code Permanent Location Current Location Date acquired Total Checkouts Full call number Barcode Date last seen Price effective from Koha item type
          College of Aeronautical Engineering (CAE) College of Aeronautical Engineering (CAE) 04/03/2017   891.4393 BEE CAE88443 04/05/2017 04/05/2017 Book
© 2023 Central Library, National University of Sciences and Technology. All Rights Reserved.